Állam és igazságosság
Elmentve itt :
| Szerző: | |
|---|---|
| Adatforrás: | Philobibl |
| Forrásdokumentuma: | Világosság 35 1994/5-6., 218-234. p. |
| Dokumentumtípus: | Cikk |
| Nyelv: | magyar |
| Kulcsszavak: | igazságosság |
| LEADER | 00313nab a2200109 c 4500 | ||
|---|---|---|---|
| 001 | bibDOK00004514 | ||
| 005 | 20200924120037.7 | ||
| 008 | 060518s1994 xx hun | ||
| 100 | 1 | |a Lánczi András | |
| 245 | 1 | 0 | |a Állam és igazságosság |c Lánczi András |
| 695 | |a igazságosság | ||
| 773 | 0 | |t Világosság 35 |g 1994/5-6., 218-234. p. | |